Statistics for All-Time Leader in Every Stat in the Superbowl

Click here to take the quiz!

General Stats

  • This quiz has been taken 27 times
  • The average score is 11 of 19

Answer Stats

Stat#Player% Correct
Passing Yards3,039Tom Brady
100%
Passing Completions277Tom Brady
100%
Fumbles5Tom Brady
100%
Passing TDs21Tom Brady
100%
Rushing TDs5Emmitt Smith
77%
Receiving Yards589Jerry Rice
77%
Receiving TDs8Jerry Rice
77%
Receptions33Jerry Rice
77%
Points48Jerry Rice
77%
Passing Interceptions8John Elway
50%
Forced FumblesVon Miller2
41%
Chris Clemons2
41%
InterceptionsLarry Brown3
41%
Chuck Howley3
41%
Rod Martin3
41%
Rushing Yards354Franco Harris
41%
Von Miller
32%
Sacks4.5Charles Haley
18%
Tackles26Rodney Harrison
5%

Score Distribution

Percentile by Number Answered

Percent of People with Each Score

Your Score History

You have not taken this quiz